00866nam a2200241Ia 4500003000400000005001700004008004100021020001800062040001800080041000800098082002100106100003100127245005300158250001200211260005500223300002900278650002700307650004000334650002600374942003000400999001900430952017500449OSt20250131152332.0210716s2009 xx 000 0 und d a9788120326835 cAIMIT LIBRARY aeng a006.66 21bPEDV aPedroni, Volnei A.9196784 aCircuit design with VHDL /cBy Volnei A Pedroni. a1st ed. aNew Delhi :bPHI Learning private limited ,c2009. axii,363p. ;bPBc23.5 cm aCode structure9196785 aOperations and attributions9196786 aSystem design9196787 2ddccBKe1stk006.66 PEDV c189574d189574 00102ddc40708MCAaAIMITbAIMITeHigginbothams Pvt Ltdg350.00iBill no:9525; Bill dt:2009-06-25l0o006.66 PEDVpMCA09082r2025-07-21 00:00:00v262.50w2021-07-16yBK